| 000 | 01149nam a2200325 i 4500 | ||
|---|---|---|---|
| 001 | 13353 | ||
| 003 | KOSZ 005 | ||
| 005 | 20200825115358.0 | ||
| 008 | 070904s1968 pl a f 000 0 pol | ||
| 015 | _aPB 1969/4308 | ||
| 035 | _a(OCoLC)751134872 | ||
| 040 |
_aWA N _cWA N _dKOSZ 005/KK |
||
| 080 | _a635.9(084.1):658:62:331.82 | ||
| 100 | 1 |
_aSzufleta, Antoni. _eAutor. |
|
| 245 | 1 | 0 |
_aZieleń w przemyśle sojusznikiem zdrowia / _cAntoni Szufleta. |
| 260 |
_aWarszawa : _bWydawnictwo Związkowe CRZZ, _c1968. |
||
| 300 |
_a66, [2] stron, [14] karty tablice : _bilustracjhe ; _c23 cm. |
||
| 336 |
_2rdacontent _aTekst _btxt |
||
| 337 |
_2rdamedia _aBez urządzenia pośredniczącego _bn |
||
| 338 |
_2rdacarrier _aWolumin _bnc |
||
| 380 | _aKsiążki. | ||
| 504 | _aBibliografia na stronach 66-[67]. | ||
| 650 | 4 | _aTereny zielone | |
| 658 | _aRolnictwo i leśnictwo | ||
| 658 | _aMedycyna i zdrowie | ||
| 650 | 4 | _aPrzemysł | |
| 710 |
_aWydawnictwo Związkowe CRZZ _4pbl. |
||
| 856 |
_uhttp://koha.tu.koszalin.pl/cgi-bin/koha/opac-detail.pl?biblionumber=13353 _yKatalog online BPK |
||
| 942 |
_2UKD _cKS |
||
| 999 |
_c13353 _d13353 |
||